| 000 | 00473nam a2200205Ia 4500 | ||
|---|---|---|---|
| 001 | 17397 | ||
| 003 | GE_BSU | ||
| 008 | 181216s||||||||xx |||||||||||||| ||und|| | ||
| 020 | _a0582823439 | ||
| 040 | _cGE_BSU | ||
| 080 | _a811.111 | ||
| 100 | _aEvans, Virginia | ||
| 245 | _aEnglish Grammar book. Roundup new and Updated | ||
| 260 | _c2005 | ||
| 300 | _a189p. | ||
| 541 | _h8 Gel. | ||
| 653 | _aEnglish Grammar book | ||
| 653 | _aEnglish Grammar book | ||
| 942 | _cBK | ||
| 999 |
_c50451 _d50451 |
||